Southville International School and Colleges
Your cart is empty.
  • Cart
  • Lists
    Public lists Eva Luna New books Lux_list list_1
    Your lists Log in to create your own lists
  • Log in to your account
  • Your cookies
  • Search history
Southville International School and Colleges
  • Advanced search
  • Recent comments
  • Most popular
  • Libraries

Log in to your account

Log in with GOOGLE


If you do not have an external account, but do have a local account, you can still log in:

  1. Home
  2. MARC view: Dierenleven in de wildernis :
Normal view MARC view ISBD view

Dierenleven in de wildernis : (Record no. 247327)

[ view plain ]
MARC details
000 -LEADER
fixed length control field 00960cam a22002773a 4500
001 - CONTROL NUMBER
control field 18072
003 - CONTROL NUMBER IDENTIFIER
control field PGUSA
005 - DATE AND TIME OF LATEST TRANSACTION
control field 20140828083402.0
008 - FIXED-LENGTH DATA ELEMENTS--GENERAL INFORMATION
fixed length control field 060329s2006||||xxu|||||s|||||000 | eng d
040 ## - CATALOGING SOURCE
Original cataloging agency PGUSA
Language of cataloging eng
042 ## - AUTHENTICATION CODE
Authentication code dc
050 #4 - LIBRARY OF CONGRESS CALL NUMBER
Classification number QL
100 1# - MAIN ENTRY--PERSONAL NAME
Personal name Long, William J.
Fuller form of name (William Joseph),
Dates associated with a name 1867-1952
245 10 - TITLE STATEMENT
Title Dierenleven in de wildernis :
Remainder of title Schetsen uit het leven der dieren hun natuurlijke aanleg en wat zij leeren moeten
Medium [electronic resource] /
Statement of responsibility, etc William J. Long
260 ## - PUBLICATION, DISTRIBUTION, ETC. (IMPRINT)
Name of publisher, distributor, etc Project Gutenberg,
Date of publication, distribution, etc 2006
500 ## - GENERAL NOTE
General note Translation of: School of the woods; some life studies of animal instincts and animal training
506 ## - RESTRICTIONS ON ACCESS NOTE
Terms governing access Public domain in the USA.
516 ## - TYPE OF COMPUTER FILE OR DATA NOTE
Type of computer file or data note Electronic text
653 ## - INDEX TERM--UNCONTROLLED
Uncontrolled term Animal behavior
653 ## - INDEX TERM--UNCONTROLLED
Uncontrolled term Animals -- Anecdotes
700 1# - ADDED ENTRY--PERSONAL NAME
Personal name Stoffel, Cilia
700 1# - ADDED ENTRY--PERSONAL NAME
Personal name Copeland, Charles,
Dates associated with a name 1858-1929
830 #0 - SERIES ADDED ENTRY--UNIFORM TITLE
Uniform title Project Gutenberg
Volume number/sequential designation 18072
856 40 - ELECTRONIC LOCATION AND ACCESS
Uniform Resource Identifier <a href="http://www.gutenberg.org/ebooks/18072">http://www.gutenberg.org/ebooks/18072</a>
942 ## - ADDED ENTRY ELEMENTS (KOHA)
Koha item type eBooks
Holdings
Withdrawn status Lost status Damaged status Home library Current library Date acquired Total Checkouts Date last seen Price effective from Koha item type
      Project Gutenberg Project Gutenberg 08/28/2014   08/28/2014 08/28/2014 eBooks

Dierenleven in de wildernis :

APA

Long W. J., Stoffel C. & Copeland C. (2006). Dierenleven in de wildernis. : Project Gutenberg.

Chicago

Long William J, Stoffel Cilia and Copeland Charles. 2006. Dierenleven in de wildernis. : Project Gutenberg.

Harvard

Long W. J., Stoffel C. and Copeland C. (2006). Dierenleven in de wildernis. : Project Gutenberg.

MLA

Long William J, Stoffel Cilia and Copeland Charles. Dierenleven in de wildernis. : Project Gutenberg. 2006.

  • Place hold
  • Print
  • Cite
  • Add to your cart (remove)
  • Save record
    BIBTEX Dublin Core MARCXML MARC (non-Unicode/MARC-8) MARC (Unicode/UTF-8) MARC (Unicode/UTF-8, Standard) MODS (XML) RIS
  • More searches
    Search for this title in:
    Other Libraries (WorldCat) Other Databases (Google Scholar) Online Stores (Bookfinder.com) Open Library (openlibrary.org)

Exporting to Dublin Core...

SOUTHVILLE LIBRARY

Southville International School and Colleges Library

1281 Tropical Ave. Cor. Luxembourg St., BF Homes International, Las Pinas City

Tel. No. 8256374 / 252358 Loc. 117/146

Powered by Koha